| 000 | 00843nam a2200265Ia 4500 | ||
|---|---|---|---|
| 003 | GCL | ||
| 008 | 140319s9999 xx 000 0 ara d | ||
| 020 | _a4938270977 | ||
| 040 |
_aGCL / _cGCL |
||
| 082 | 0 | 4 |
_aط _b530 _bا ع |
| 100 | 1 | _aزكريا القاضى | |
| 245 | 1 | 0 |
_aالعلم فى حياتنا : الضوء / _cزكريا القاضى |
| 700 | 1 | _aاولين، بيكى | |
| 700 | 1 | _aنورهان رشاد | |
| 250 | _aالاولى | ||
| 260 |
_aالقاهرة : _bالدار المصرية اللبنانية ، _c2006 |
||
| 300 |
_a24 ص ؛ _c20 سم |
||
| 490 |
_aالعلم فى حياتنا _v0 |
||
| 650 | 0 | 4 | _aالضوء |
| 650 | 0 | 4 | _aانعكاس الضوء |
| 650 | 0 | 4 | _aانكسار الضوء |
| 650 | 0 | 4 | _aكتب الاطفال |
| 650 | 0 | 4 | _aالضوء - تاثيره على النبات |
| 942 |
_2ddc _cBK |
||
| 999 |
_c9859 _d9859 |
||